00655nam a2200217Ia 4500003000900000008004100009040001300050040001300063041000800076100001900084245006400103250001200167260002100179260000900200300000800209490001300217490000600230942000700236999001300243952018100256IT-RoPAU120407s9999 xx 000 0 und d aIT-RoPAU cIT-RoPAU aita aPierre Dufoyer aLa psicologia degli adolescenti spiegata alle mamme 2. ed. aMilano  aEdizioni Paoline c1962 c cm aFamilgia v1 cBK c226d226 00102ddc406257_81000000000000071aPAULUSbPAULUSd2012-04-11l0o257.81r2012-04-11 00:00:00w2012-04-11yBKzInserito da: In data: n.d. fondo: Via A.Severo 56 Progr:21080